000 02536cam a2200385 4500500
005 20251228053401.0
041 _afre
042 _adc
100 1 0 _aPoujade, Patrice
_eauthor
245 0 0 _aAprès Pierre Vilar
260 _c2005.
500 _a26
520 _aRésuméL’historiographie du monde rural catalan a été marquée par l’œuvre de Pierre Vilar (1906-2003). Après avoir défini la place qu’il a tenue et décrit le contexte dans lequel il est intervenu, cet article dresse un bilan des recherches menées depuis une quarantaine d’années autour des grands thèmes qui en assurent sa postérité historiographique : tensions et conflits du monde rural, poids de la seigneurie après la Sentence arbitrale de Guadalupe (1486), résistance paysanne (révoltes, banditisme endémique) ; différenciation interne entre propriétaires fonciers, exploitants agricoles, et salariés, qui s’accompagne notamment d’une spécialisation viticole.
520 _aThe historiography of the Catalonian rural world has been marked by the work of Pierre Vilar (1906-2003). After defining the place of that historian and after showing in which context he played his role, that paper takes stock of the research carried out for about forty years into some great themes : tensions and conflicts of the rural world, questioning themselves about the weight of the seigniory after the arbitral sentence of Guadalupe (1486), the farmers’resistance (revolts or endemic organized robbery), internal differentiation between farm « owners » and farmers depending on them, whether they were tenant farmers (or share-croppers), tenants or farm wage-owners. That differentiation within peasantry was accompanied by an agricultural specialization (firstly vine).
690 _aCatalogne
690 _aconflits ruraux
690 _ahistoriographie
690 _aMorisques
690 _arévoltes
690 _aseigneurie
690 _aspécialisation agricole
690 _aValence (royaume de)
690 _aVilar (Pierre)
690 _aagricultural specialization
690 _aCatalonia
690 _ahistoriography
690 _aMoriscos
690 _arevolts
690 _arural conflicts
690 _aseigniory
690 _aValencia kingdom
690 _aVilar (Pierre)
786 0 _nHistoire & Sociétés Rurales | 24 | 2 | 2005-10-01 | p. 57-82 | 1254-728X
856 4 1 _uhttps://shs.cairn.info/revue-histoire-et-societes-rurales-2005-2-page-57?lang=fr&redirect-ssocas=7080
999 _c1585312
_d1585312